000 00775nam a22002295u 4500
001 35951
003 BD-RjUL
005 20211209052416.0
008 140612s1962 enk 000 0 eng d
035 _a(BD-RjUL)36048
040 _aUkOxU
_beng
_cUkOxU
_dBD-RjUL
041 1 _aeng
_hund
082 _a321.07
_bSKP 1952
100 1 _aSkemp, J. B.
_q(Joseph Bright)
_9109440
245 1 0 _aPlato's statesman :
_bA translation of the Politicus of Plato with introductory essays and footnote /
_c J. B. Skemp
260 _aLondon :
_bRoutledge and Kegan Paul,
_c1952.
300 _a244 p. ;
_c22 cm
490 1 _aRare masterpieces of philosophy and science
650 _aPlato Statesman
_9109441
830 0 _aRare masterpieces of philosophy and science
_9109804
942 _2ddc
_cBK
999 _c35951
_d35951